Sticker Lyrics (NCT 127) (ENGLISH) - Statistics

General Stats
  • This quiz has been taken 30 times
  • The average score is 187 of 500
Answer Stats
Answer % Correct
Sticker
100%
Stick
96%
You
92%
A
88%
I
88%
Like
88%
Need
83%
What
83%
Go
79%
Baby
75%
Got
75%
L O V E
67%
Love
67%
The
67%
Show
63%
Up
63%
Bang
58%
To
58%
Yeah
58%
Your
58%
Can
54%
Me
54%
Tagging
54%
Girl
50%
In
50%
My
50%
Party
46%
Boy
42%
For
42%
Hands
42%
I'm
42%
Im
42%
On
42%
Roll
42%
Think
42%
This
42%
Who
42%
Be
38%
Fallin
38%
One
38%
Put
38%
Sugar
38%
About
33%
Hi
33%
Drama
29%
Of
29%
Only
29%
Treat
29%
And
25%
Bye Bye Bye
25%
Into
25%
It
25%
Want
25%
Boss
21%
Gotta
21%
Let's
21%
Lets
21%
NCT
21%
Off
21%
Oh
21%
Us
21%
Vibe
21%
All
17%
Do
17%
Don't
17%
Know
17%
Together
17%
Two
17%
VIP
17%
You're
17%
Falling
13%
If
13%
I'll
13%
Is
13%
It's
13%
Just
13%
Mellow
13%
Mono
13%
Talk
13%
Throw
13%
Ain't
8%
Are
8%
As
8%
Hear
8%
Heart
8%
Look
8%
Make
8%
Out
8%
See
8%
So
8%
That
8%
Will
8%
With
8%
Brighter
4%
Cool
4%
Crazy
4%
Day
4%
Gun
4%
History
4%
Kid
4%
Logo
4%
Mean
4%
Night
4%
Our
4%
Pick
4%
Real
4%
Really
4%
Right
4%
Say
4%
Shine
4%
Star
4%
Stay
4%
Sweet
4%
Too
4%
We'll
4%
We're
4%
Whats
4%
World
4%
Worry
4%
Write
4%
Yours
4%
Already
0%
Alright
0%
At
0%
Attachment
0%
Attitude
0%
Audience
0%
Awnser
0%
Believe
0%
Can't
0%
Cares
0%
Chasing
0%
Check
0%
Deal
0%
Drawn
0%
Dreams
0%
Earth
0%
Even
0%
Feeling
0%
Feelings
0%
Flow
0%
Forget
0%
Gravity
0%
Growing
0%
Grown Up
0%
Hard
0%
Heaven
0%
However
0%
Language
0%
Later
0%
Lightly
0%
Listen
0%
Merging
0%
Move
0%
Natrual
0%
Next
0%
Not
0%
Ones
0%
Over
0%
Own
0%
Painful
0%
Pulling
0%
Pumped
0%
Ready
0%
Resist
0%
Rising
0%
Save
0%
Scared
0%
Set
0%
Shaped
0%
Single
0%
Soon
0%
Stone
0%
Straight
0%
Stress
0%
Strong
0%
Super
0%
Taken
0%
Tells
0%
That's
0%
Thats
0%
There
0%
There's
0%
Welcome
0%
Without
0%
Won't
0%
Words
0%
Work
0%
Worlds
0%
Worries
0%
No matching quizzes found
Score Distribution
Percent of People with Each Score
Percentile by Number Answered
Your Score History
You have not taken this quiz